000 00844nam a22002535i 4500
001 11070
003 ES-MaACL
005 20230906150024.0
007 t|
008 920318s1991 sp ||||0| spa j
020 _a84-86639-30-1
040 _aM-BN
_bspa
_cM-BN
080 _a524.6(035)
100 1 _aLozano Martínez, Teresa.
_974457
245 1 0 _aGalaxias
_b: islas en el universo /
_cTeresa Lozano Martínez.
260 _aMadrid :
_bEquipo Sirius,
_cD.L. 1991.
300 _a106 p :
_bil ;
_c19 cm.
490 1 _aBiblioteca de divulgación científica. Serie Astronomía ;
_v4
504 _aBibliografía: p. 105-106.
650 1 4 _aGalaxias-
_vObras de divulgación.
_913021
830 0 _aBiblioteca de divulgación científica. Serie Astronomía ;
_v4
_9178858
852 _aES-MaACL
_jL-18415
_bR.121870
999 _c11070
_d11070